000
003260000a22001570004500
001
001592
003
MACL
040
_a
MACL
090
_c
13585
_d
13584
100
_a
Dutta, Abhijit
245
_a
Mother Durga
_c
Abhijit Dutta
260
_a
Readers Service,
_c
2003
350
_a
450
650
_a
Religion
942
_k
291
_c
Book
999
_c
13512
_d
13512